000 00923nam a22002177a 4500
999 _c12546
_d12546
003 AR-CdUCM
008 190409b ||||| |||| 00| 0 spa d
040 _aMUNICIPALIDAD PROVINCIAL DEL CUSCO
_cBIBLIOTECA MUNICIPAL DEL CUSCO
082 _a370.82 /
_bTM / 1937
110 _aEditorial Labor
_925002
245 _aEl tesoro del maestro /
260 _aBarcelona :
_bLabor,
_c1937.
300 _a4 tomos ;
_c21.5 cm.
505 _aContenido: t.1: la escuela nueva y sus procedimientos didácticos -- t.3: enseñanza de la geografía enseñanza de la historia y educación cívica -- t.4: la enseñanza de las ciencias exactas y naturales -- t.5: Dibujo trabajos manuales labores femeninas economía doméstica música y gimnasia...
650 _aEducación.
_9460
650 _aEnseñanza.
_91616
650 _aDibujo.
_913086
650 _aEducación cívica.
_95159
942 _2ddc
_cLIBROS
945 _awfj
_d2019-04-09